|
|
|
|
| LEADER |
00000nab a2200000 a 4500 |
| 001 |
vtls011117101 |
| 003 |
SK-MaSNL |
| 005 |
20260304030131.0 |
| 008 |
250310|2000 xo |||||||||||||||||slo| |
| 015 |
|
|
|a SNBRB
|
| 035 |
|
|
|a (uuid)9afecf57-7d15-4f75-b226-07fc253997cb
|
| 035 |
|
|
|a (urnnbn)urn:nbn:sk:snk:ar-a08le0
|
| 035 |
|
|
|a urn:nbn:sk:snk-ab9njg
|
| 040 |
|
|
|a SNKBUCL
|b slo
|c SNKBUCL
|e AACR2
|
| 041 |
0 |
|
|a slo
|
| 044 |
|
|
|a xo
|c SK
|
| 100 |
1 |
|
|a Bílý, Matej
|4 aut
|9 274721
|
| 245 |
1 |
0 |
|a Systémy manažérstva kvality a posudzovania zhody vlastností určených výrobkov s technickými požiadavkami
|c Matej Bílý
|
| 773 |
0 |
|
|t Kvalita : odborný časopis Slovenskej spoločnosti pre kvalitu
|g Roč. 8, č. 1 (2000), s. 18-21
|
| 958 |
|
|
|a OND
|
| 958 |
|
|
|a EUIPO
|
| 958 |
|
|
|a article13
|
| 999 |
|
|
|c 2631913
|d 2633843
|